Graph theory : proceedings of the Sixth Yugoslav Seminar on Graph Theory, Dubrovnik, April 18.-19. 1985 /

Guardado en:
Autor Corporativo: Yugoslav Seminar on Graph Theory Dubrovnik, Croatia)
Otros Autores: Tosic, R. (Editor ), Acketa, D. (Editor ), Petrovic, V. (Editor )
Formato: Libro
Idioma:English
Publicado: Novi Sad : University of Novi Sad, Institute of Mathematics, 1986.
Materias:
Etiquetas: Agregar Etiqueta
Sin Etiquetas, Sea el primero en etiquetar este registro!
LEADER 02600nam a2200241 a 4500
001 MAT.inmabb006005
008 881013s1986####yu#a#####b####100#0#eng##
005 20160318155541.0
245 1 0 |a Graph theory :  |b proceedings of the Sixth Yugoslav Seminar on Graph Theory, Dubrovnik, April 18.-19. 1985 /  |c [edited by R. Tosic, D. Acketa, V. Petrovic]. 
260 |a Novi Sad :  |b University of Novi Sad, Institute of Mathematics,  |c 1986. 
300 |a 247 p. :  |b il. ;  |c 24 cm. 
504 |a Incluye referencias bibliográficas. 
505 0 |a Dragan M. Acketa, On the number of graphic representations of graphic matroids -- Darko Babic, Ante Graovac, Bojan Mohar and Tomaž Pisanski, Recursion for the matching polynomials of fasciagraphs and rotagraphs -- Vladimir Batagelj, Inductive classes of graphs -- André Bouchet, Characterizing and recognizing circle graphs -- Dragoš Cvetkovic and Zoran Radosavljevic, A table of regular graphs on at most ten vertices -- Michael Doob, Pseudocyclic graphs -- W. Imrich and N. Seifter, Automorphism groups of nonplanar, infinite graphs of finite genus -- Zlatan Magajna and Bojan Mohar, Nonrealizable branching arrays -- Bojan Mohar and Matjaž Omladic, The spectrum of products of infinite graphs -- J. W. Moon, On a problem of Wang on trees -- T. D. Parsons and Tomaž Pisanski, Inner-product representations of graphs (preliminary report) -- Branislava Perunicic and Zoran Duric, An efficient algorithm for embedding graphs in the projective plane -- Vojislav Petrovic, On frequency sets of bipartite tournaments -- Marko Petrovšek and Tomaž Pisanski, A note on function graphs -- Zoran Radosavljevic and Slobodan Simic, There are just thirteen connected nonregular nonbipartite integral graphs having maximum vertex degree four (a shortened report) -- Ivan Stojmenovic, Ratko Tošic and Rade Doroslovacki, Generating and counting hexagonal systems -- D. Svrtan and D. Veljan, Walks on finite lattice graphs -- Martin Škoviera and Jozef Širán, Relative embeddings of graphs -- Aleksandar Torgašev, On graphs with exactly three negative eigenvalues -- Ratko Tošic, Vertex-to-vertex search in a graph -- Arthur T. White, Covering graphs and graphical products. 
510 4 |a MR,  |c 88b:05004 
111 2 |a Yugoslav Seminar on Graph Theory  |n (6th :  |d 1985 :  |c Dubrovnik, Croatia) 
700 1 |a Tosic, R.  |q (Ratho)  |4 edt 
700 1 |a Acketa, D.  |q (Dragan)  |4 edt 
700 1 |a Petrovic, V.  |q (Vojislav)  |4 edt 
650 0 |a Graph theory  |x Congresses. 
084 |a 05-06  |2 msc2000 
010 |a  87210154  
040 |a DLC  |c DLC  |d DLC 
859 |h 05  |i Y94-6  |p A-6278  |b BIB. MATEMATICA